| 000 | nam a22 7a 4500 | ||
|---|---|---|---|
| 999 |
_c54634 _d54634 |
||
| 003 | OSt | ||
| 005 | 20220803115140.0 | ||
| 008 | 220803b xxu||||| |||| 00| 0 eng d | ||
| 040 | _ciimt university | ||
| 100 | _aPT. SHRIRAM SHARMA ACHARYA | ||
| 245 | _aGAYTRI SADHNA KI VAIGYANIK PIRSHTHBHUMI | ||
| 260 |
_aMATHURA _c1998 |
||
| 942 |
_2ddc _c09 |
||